000 00404pab a2200169 454500
008 180718b1999 xxu||||| |||| 00| 0 eng d
100 _aVarshney, Vishnu
245 _aVenture capital
260 _c1999
300 _ap.411-13
362 _aOct-Dec
650 _aVenture capital - India
650 _aJoint ventures - India
650 _aVenture capital
773 _aProductivity
909 _a44167
999 _c44167
_d44167